Vainqueurs français de Grands Chelem en double messieurs - Statistiques

Statistiques générales
  • Ce quiz a été pris 37 fois
  • Le résultat moyen est 22 sur 53
Statistiques - réponses
Hint Réponse % Correct
2015 Us Open Nicolas Mahut
94%
2016 Wimbledon Nicolas Mahut
94%
2018 Roland Garros Nicolas Mahut
94%
2019 Open d'Australie Nicolas Mahut
94%
2015 Us Open Pierre-Hugues Herbert
89%
2016 Wimbledon Pierre-Hugues Herbert
89%
2018 Roland Garros Pierre-Hugues Herbert
89%
2019 Open d'Australie Pierre-Hugues Herbert
89%
1984 Roland Garros Yannick Noah
75%
1984 Roland Garros Henri Leconte
61%
2007 Wimbledon Arnaud Clement
50%
1925 Roland Garros Jean Borotra
47%
1925 Wimbledon Jean Borotra
47%
1928 Open d'Australie Jean Borotra
47%
1928 Roland Garros Jean Borotra
47%
1929 Roland Garros Jean Borotra
47%
1932 Wimbledon Jean Borotra
47%
1933 Wimbledon Jean Borotra
47%
1934 Roland Garros Jean Borotra
47%
1936 Roland Garros Jean Borotra
47%
1925 Roland Garros René Lacoste
47%
1925 Wimbledon René Lacoste
47%
1929 Roland Garros René Lacoste
47%
2003 Open d'Australie Fabrice Santoro
39%
2004 Open d'Australie Fabrice Santoro
39%
1926 Wimbledon Henri Cochet
39%
1927 Roland Garros Henri Cochet
39%
1928 Wimbledon Henri Cochet
39%
1930 Roland Garros Henri Cochet
39%
1932 Roland Garros Henri Cochet
39%
2014 Roland Garros Julien Benneteau
39%
2014 Roland Garros Edouard Roger-Vasselin
36%
2003 Open d'Australie Michael Llodra
33%
2004 Open d'Australie Michael Llodra
33%
2007 Wimbledon Michael Llodra
33%
1926 Wimbledon Jacques Brugnon
28%
1927 Roland Garros Jacques Brugnon
28%
1928 Open d'Australie Jacques Brugnon
28%
1928 Roland Garros Jacques Brugnon
28%
1928 Wimbledon Jacques Brugnon
28%
1930 Roland Garros Jacques Brugnon
28%
1932 Roland Garros Jacques Brugnon
28%
1932 Wimbledon Jacques Brugnon
28%
1933 Wimbledon Jacques Brugnon
28%
1934 Roland Garros Jacques Brugnon
28%
1936 Roland Garros Marcel Bernard
8%
1946 Roland Garros Marcel Bernard
8%
1911 Wimbledon Max Decugis
8%
1970 Us Open Pierre Barthes
3%
1938 Roland Garros Yvon Petra
3%
1946 Roland Garros Yvon Petra
3%
1911 Wimbledon André Gobert
0%
1938 Roland Garros Bernard Destremau
0%
Aucun quiz correspondant
Distribution des résultats
% des personnes avec chaque résultat
Percentile par nombre de réponses
Votre historique - résultats
Vous n’avez pas pris ce quiz